Départements français par armoiries - Statistiques

Statistiques générales
  • Ce quiz a été pris 300 fois
  • Le résultat moyen est 26 sur 100
Statistiques - réponses
Par images Réponse % Correct
Corse-du-Sud/Haute-Corse
96%
Morbihan
69%
Côtes-d'Armor
65%
Ille-et-Vilaine
65%
Finistère
60%
Loire-Atlantique
58%
Paris
57%
Haute-Savoie
56%
Savoie
56%
Nord
55%
Martinique
53%
Guadeloupe
52%
Mayotte
49%
Guyane
44%
Réunion
43%
Vendée
42%
Pyrénées-Orientales
40%
Bas-Rhin
39%
Haut-Rhin
38%
Manche
36%
Calvados
35%
Orne
34%
Ardennes
32%
Haute-Garonne
32%
Marne
32%
Alpes-Maritimes
31%
Haute-Marne
31%
Mayenne
31%
Puy-de-Dôme
31%
Pyrénées-Atlantiques
31%
Vosges
31%
Meurthe-et-Moselle
30%
Cantal
29%
Isère
28%
Aube
27%
Drôme
27%
Hérault
27%
Moselle
27%
Seine-Maritime
27%
Aude
26%
Lot-et-Garonne
25%
Rhône
25%
Vaucluse
25%
Eure
24%
Lot
23%
Gard
22%
Hautes-Alpes
22%
Tarn
22%
Jura
21%
Haute-Vienne
20%
Seine-Saint-Denis
20%
Alpes-de-Haute-Provence
19%
Ariège
19%
Charente-Maritime
19%
Doubs
19%
Haute-Saône
19%
Seine-et-Marne
19%
Tarn-et-Garonne
19%
Var
19%
Aisne
18%
Bouches-du-Rhône
18%
Côte-d'Or
18%
Gironde
18%
Hauts-de-Seine
18%
Indre-et-Loire
18%
Meuse
18%
Yonne
18%
Essonne
17%
Sarthe
17%
Yvelines
17%
Loire
16%
Loiret
16%
Maine-et-Loire
16%
Val-de-Marne
16%
Allier
15%
Landes
15%
Loir-et-Cher
15%
Saône-et-Loire
15%
Ain
14%
Eure-et-Loir
14%
Gers
14%
Cher
13%
Indre
13%
Territoire de Belfort
13%
Vienne
13%
Ardèche
12%
Creuse
12%
Deux-Sèvres
12%
Haute-Loire
12%
Oise
12%
Somme
12%
Charente
11%
Dordogne
11%
Hautes-Pyrénées
11%
Nièvre
11%
Val-d'Oise
11%
Lozère
10%
Pas-de-Calais
10%
Aveyron
9%
Corrèze
9%
Aucun quiz correspondant
Distribution des résultats
% des personnes avec chaque résultat
Percentile par nombre de réponses
Votre historique - résultats
Vous n’avez pas pris ce quiz